000 00486cam a2200157 4500500
005 20251012032624.0
041 _afre
042 _adc
100 1 0 _aSesé, Bernard
_eauthor
700 1 0 _a Carreto, Carlos F.C.
_eauthor
245 0 0 _aPrisonnier du regard/Prisioneiro do olhar
260 _c2008.
500 _a47
786 0 _nSigila | 22 | 2 | 2008-12-20 | p. 136-137 | 1286-1715
856 4 1 _uhttps://shs.cairn.info/revue-sigila-2008-2-page-136?lang=fr&redirect-ssocas=7080
999 _c1547866
_d1547866